| 000 | 01485cam a22003734a 4500 | ||
|---|---|---|---|
| 999 |
_c21110 _d21110 |
||
| 001 | 14166963 | ||
| 003 | OSt | ||
| 005 | 20200609121848.0 | ||
| 008 | 051110s2006 cau b 001 0 eng | ||
| 010 | _a 2005032931 | ||
| 020 | _a0761934200 (HB) | ||
| 020 | _a8178295636 (IndiaHB) | ||
| 035 | _a(DLC)2005032931 | ||
| 035 | _a(DLC)4611 | ||
| 040 |
_aDLC _coclc _dDLC |
||
| 042 | _apcc | ||
| 043 | _aa-ii--- | ||
| 050 | 0 | 0 |
_aJA84.I4 _bP65 2006 |
| 082 | 0 | 0 |
_a320.50954 _bCHA/P |
| 100 |
_92673 _aChattopadhyaya, D P |
||
| 245 | 0 | 0 |
_aPolitical ideas in Modern India : _bthematic explorations / _cedited by V. R. Mehta and Thomas Pantham |
| 260 |
_aThousands Oaks, Calif. : _bSage Publications, _c2006. |
||
| 300 | _a 481 p. ; | ||
| 440 | 0 |
_aHistory of science, philosophy, and culture in Indian civilization. _nVolume X, _pTowards independence ; _vpt. 7 |
|
| 504 | _aIncludes bibliographical references and index. | ||
| 650 | 0 |
_aPolitical science _zIndia. |
|
| 700 | 1 | _aMehta, Vrajendra Raj, 1944- | |
| 700 | 1 | _aPantham, Thomas. | |
| 856 | 4 | 1 |
_3Table of contents only _uhttp://www.loc.gov/catdir/toc/ecip063/2005032931.html |
| 856 | 4 | 2 |
_3Publisher description _uhttp://www.loc.gov/catdir/enhancements/fy0659/2005032931-d.html |
| 906 |
_a7 _bcbc _corignew _d1 _eecip _f20 _gy-gencatlg |
||
| 942 |
_2ddc _cBK _h320.50954 _iCHA/P _k320.50954 _mCHA/P |
||